| 000 | 00586nam a22002057a 4500 | ||
|---|---|---|---|
| 999 |
_c4552 _d4552 |
||
| 003 | AR-CdUCM | ||
| 008 | 190311b ||||| |||| 00| 0 spa d | ||
| 040 |
_aMUNICIPALIDAD PROVINCIAL DEL CUSCO _cBIBLIOTECA MUNICIPAL DEL CUSCO |
||
| 082 |
_a869.56 / _bM36 |
||
| 100 |
_aMedina , Luzgardo _914237 |
||
| 245 | _aLa boda del dios harapiento / | ||
| 260 |
_aArequipa : _bEgoavil. |
||
| 300 |
_a30 páginas ; _c18 cm. |
||
| 500 | _adonación de la familia Nieto | ||
| 650 |
_aPoesía _9444 |
||
| 650 |
_aArequipa _91703 |
||
| 650 |
_aSiglo XX _98 |
||
| 942 |
_2ddc _cLIBROS |
||
| 945 | _araen | ||